<?xml version="1.0" encoding="UTF-8"?>
<marc:record xmlns:marc="http://www.loc.gov/MARC21/slim">
   <marc:leader>00000nam a2200000 a 4500</marc:leader>
   <marc:datafield ind1="1" ind2=" " tag="100">
      <marc:subfield code="a">Attinger, Gabrielle</marc:subfield>
      <marc:subfield code="4">aut</marc:subfield>
      <marc:subfield code="e">Verfasser/-in</marc:subfield>
   </marc:datafield>
   <marc:datafield ind1=" " ind2=" " tag="653">
      <marc:subfield code="a">Zürichsee</marc:subfield>
   </marc:datafield>
   <marc:datafield ind1=" " ind2=" " tag="653">
      <marc:subfield code="a">Winterthur</marc:subfield>
   </marc:datafield>
   <marc:datafield ind1=" " ind2=" " tag="653">
      <marc:subfield code="a">Uetliberg</marc:subfield>
   </marc:datafield>
   <marc:datafield ind1=" " ind2=" " tag="653">
      <marc:subfield code="a">Zürichberg</marc:subfield>
   </marc:datafield>
   <marc:datafield ind1=" " ind2=" " tag="653">
      <marc:subfield code="a">Limmattal</marc:subfield>
   </marc:datafield>
   <marc:datafield ind1=" " ind2=" " tag="653">
      <marc:subfield code="a">Bauschänzli</marc:subfield>
   </marc:datafield>
   <marc:datafield ind1=" " ind2=" " tag="653">
      <marc:subfield code="a">Platzspitz</marc:subfield>
   </marc:datafield>
   <marc:datafield ind1=" " ind2=" " tag="653">
      <marc:subfield code="a">Langstrasse</marc:subfield>
   </marc:datafield>
   <marc:datafield ind1=" " ind2=" " tag="653">
      <marc:subfield code="a">Zürich</marc:subfield>
   </marc:datafield>
   <marc:datafield ind1=" " ind2=" " tag="653">
      <marc:subfield code="a">Bahnhofstrasse</marc:subfield>
   </marc:datafield>
   <marc:datafield ind1=" " ind2=" " tag="653">
      <marc:subfield code="a">Fraumünster</marc:subfield>
   </marc:datafield>
   <marc:datafield ind1=" " ind2=" " tag="653">
      <marc:subfield code="a">Grossmünster</marc:subfield>
   </marc:datafield>
   <marc:datafield ind1=" " ind2=" " tag="653">
      <marc:subfield code="a">Kronenhalle</marc:subfield>
   </marc:datafield>
   <marc:datafield ind1=" " ind2=" " tag="653">
      <marc:subfield code="a">Kunsthaus</marc:subfield>
   </marc:datafield>
   <marc:datafield ind1=" " ind2=" " tag="653">
      <marc:subfield code="a">Limmat</marc:subfield>
   </marc:datafield>
   <marc:datafield ind1=" " ind2=" " tag="653">
      <marc:subfield code="a">Museum für Gestaltung</marc:subfield>
   </marc:datafield>
   <marc:datafield ind1=" " ind2=" " tag="653">
      <marc:subfield code="a">Neumarkt</marc:subfield>
   </marc:datafield>
   <marc:datafield ind1=" " ind2=" " tag="653">
      <marc:subfield code="a">Opernhaus</marc:subfield>
   </marc:datafield>
   <marc:datafield ind1=" " ind2=" " tag="653">
      <marc:subfield code="a">Streetparade</marc:subfield>
   </marc:datafield>
   <marc:datafield ind1=" " ind2=" " tag="653">
      <marc:subfield code="a">Softcover / Reisen/Reiseführer/Europa</marc:subfield>
   </marc:datafield>
   <marc:datafield ind1="0" ind2="0" tag="245">
      <marc:subfield code="a">Zürich</marc:subfield>
   </marc:datafield>
   <marc:datafield ind1="0" ind2="0" tag="245">
      <marc:subfield code="b">Reisen mit Insider-Tipps. Inklusive kostenloser Touren-App</marc:subfield>
   </marc:datafield>
   <marc:datafield ind1="0" ind2="0" tag="245">
      <marc:subfield code="c">Gabrielle Attinger</marc:subfield>
   </marc:datafield>
   <marc:datafield ind1=" " ind2="1" tag="264">
      <marc:subfield code="a">Ostfildern</marc:subfield>
      <marc:subfield code="b">MAIRDUMONT</marc:subfield>
      <marc:subfield code="c">2022</marc:subfield>
   </marc:datafield>
   <marc:datafield ind1="1" ind2=" " tag="490">
      <marc:subfield code="a">Marco Polo</marc:subfield>
   </marc:datafield>
   <marc:datafield ind1=" " ind2=" " tag="250">
      <marc:subfield code="a">14. Auflage</marc:subfield>
   </marc:datafield>
   <marc:datafield ind1="1" ind2=" " tag="520">
      <marc:subfield code="a">Angaben aus der Verlagsmeldung

MARCO POLO Reiseführer Zürich : Reisen mit Insider-Tipps. Inklusive kostenloser Touren-App / von Gabrielle Attinger

Urlaub in schönster Berg-Fluss-See-Kulisse: Mit dem MARCO POLO Reiseführer nach Zürich Zürich ist vielleicht nicht riesig, dafür aber umso vielseitiger: Die Stadt am See ist Partymetropole, Finanzzentrum, kultureller Hotspot und Sommerbadeort in einem! Ob Aktivurlaub oder entspannter Städtetrip: Mit dem MARCO POLO Reiseführer lernst du Zürich von seinen besten Seiten kennen.

Entdecke, was die Einheimischen an Zürich lieben mit den MARCO POLO Insider-Tipps von Autoren, die vor Ort leben

Erkunde die Stadt mit den MARCO POLO Erlebnistouren: für Architektur-Fans, Naturgenießer oder passend für Familien

Züri-Gschnätzltes, Luxemburgerli und Streetparade: die besten Spots zum Essen &amp; Trinken, Shoppen &amp; Stöbern, Ausgehen &amp; Feiern

Best-of-Tipps für Low-Budget-Ausflüge, Urlaub mit Kindern und Regentage

Mit komplett überarbeiteten Highlight-Karten und kostenloser Touren-App

Tauch ein ins Zürich-Feeling pur mit deinem MARCO POLO Reiseführer!

Ausgedehnte Sightseeing-Touren, malerische Bergpanoramen, am Strand entspannen und die Nacht durchfeiern – in Zürich kannst du alles auf einmal haben! Shoppe edle Designerklamotten in der Bahnhofsstraße, schlemme im ältesten Veggie-Restaurant der Welt oder unternimm in den alten Gassen der Stadt eine Zeitreise ins Mittelalter. Hier ist alles nur eine kurze Tram-Fahrt entfernt. Du willst mal raus aus der Stadt? Auch kein Problem! Eine kurze Wanderung führt dich zur tiefstgelegenen Alp der Schweiz, wo sich das ganze Alpenpanorama vor dir erstreckt.

Worauf hast du Lust? Mit den Empfehlungen in deinem MARCO POLO Reiseführer Zürich stellst du dir genau das Urlaubsprogramm zusammen, das dir gefällt!

</marc:subfield>
   </marc:datafield>
   <marc:datafield ind1=" " ind2=" " tag="020">
      <marc:subfield code="a">9783829751438</marc:subfield>
      <marc:subfield code="9">9783829751438</marc:subfield>
   </marc:datafield>
   <marc:datafield ind1=" " ind2=" " tag="020">
      <marc:subfield code="a">3829751435</marc:subfield>
      <marc:subfield code="9">3829751435</marc:subfield>
   </marc:datafield>
   <marc:datafield ind1=" " ind2=" " tag="041">
      <marc:subfield code="a">ger</marc:subfield>
   </marc:datafield>
   <marc:datafield ind1=" " ind2=" " tag="300">
      <marc:subfield code="a">136 Seiten</marc:subfield>
   </marc:datafield>
</marc:record>
